| 000 | 00455nam a2200157 a 4500 | ||
|---|---|---|---|
| 005 | 20140310183322.0 | ||
| 008 | 060308s19uu xx 00 eng d | ||
| 020 | _a0671721453 | ||
| 050 |
_aPS 3562 _b.L141 1992 |
||
| 100 | _aLackey, Mercedes | ||
| 245 |
_aWing commander : _bfreedom flight / _cMercedes Lackey and Ellen Guon. |
||
| 260 |
_aNew York : _bBaen Pub. Enterprises, _c1992. |
||
| 300 |
_a275 p. : _c17 cm. |
||
| 942 |
_cBK _2lcc |
||
| 999 |
_c21432 _d21432 |
||